旧国名を含む自治体 - Statistics

General Stats
  • This quiz has been taken 373 times
    292 since last reset
  • The average score is 66 of 88
Answer Stats
五畿八道 市町村名 % Correct
伊豆市
95%
越前市
92%
越前町
92%
志摩市
91%
伊勢市
90%
土佐市
90%
土佐町
90%
阿波市
89%
伊予市
89%
さぬき市
88%
伊豆の国市
87%
和泉市
86%
美濃市
86%
丹波市
85%
畿内 大和郡山市
85%
武蔵村山市
84%
飛騨市
84%
備前市
84%
出雲市
84%
摂津市
83%
東山道 近江八幡市
83%
日立市
82%
加賀市
82%
能登町
82%
土佐清水市
82%
甲斐市
81%
武蔵野市
81%
筑後市
81%
豊後大野市
81%
豊後高田市
81%
日向市
81%
安芸高田市
80%
薩摩川内市
80%
河内長野市
79%
相模原市
79%
信濃町
79%
豊前市
79%
東海道 伊賀市
78%
陸前高田市
78%
長門市
78%
京丹後市
78%
大和高田市
78%
美濃加茂市
76%
丹波篠山市
76%
南さつま市
76%
常陸大宮市
75%
むつ市
75%
北陸道 若狭町
75%
山陽道 播磨町
75%
西海道 筑前町
75%
釧路市
75%
釧路町
75%
根室市
75%
泉佐野市
74%
常陸太田市
74%
東近江市
74%
下野市
74%
伯耆町
74%
尾張旭市
73%
西伊豆町
73%
いわき市
73%
南越前町
73%
石狩市
72%
泉大津市
71%
東伊豆町
71%
南伊豆町
71%
南海道 淡路市
70%
北見市
69%
美作市
68%
南あわじ市
68%
ひたちなか市
67%
対馬市
67%
山陰道 京丹波町
66%
羽後町
64%
隠岐の島町
64%
壱岐市
64%
周防大島町
62%
中能登町
61%
佐渡市
61%
安芸太田町
61%
南山城村
58%
中土佐町
58%
北海道 日高町
58%
南大隅町
56%
奥出雲町
53%
新ひだか町
50%
天塩町
50%
南伊勢町
43%
No matching quizzes found
Score Distribution
Percent of People with Each Score
Percentile by Number Answered
Your Score History
You have not taken this quiz since the last reset